000 01528cab a22003615a 4500
001 L142084
008 080123s2008 xxk f 000 0 eng d
035 _a(Sirsi) u142084
041 0 _aeng
100 1 _aRicketts, Simon
245 0 0 _aLarge-scale mixed-use development
260 _c2008
490 _aPlanning in London
_v64 January-March 2008, 38-40(3)
520 _aExamines the main government planning policies which have driven large scale mixed use developments in recent years. Reviews the legislation they have given rise to, its history and effectiveness. Covers the housing agenda, urban redevelopment, the public sector, and planning issues including compulsory purchase. Deals with issues which commonly arise.
590 _aKA
650 2 4 _aURBAN WHITE PAPER
650 2 4 _aPPG3
650 2 4 _aPLANNING POLICY STATEMENT 6
650 2 4 _aPLANNING POLICY GUIDANCE NOTE SIX
650 2 4 _aHOUSING GREEN PAPER 2007
650 2 4 _aHOUSING AND REGENERATION BILL 2007-08
650 2 4 _aLOCAL GOVERNMENT ACT 2003
650 2 4 _aPLANNING POLICY STATEMENT ONE
650 2 4 _aGREATER LONDON AUTHORITY ACT 2007
650 2 4 _aPLANNING AND COMPULSORY PURCHASE ACT 2004
650 2 4 _aFREEDOM OF INFORMATION ACT 2000
650 2 4 _aTOWN AND COUNTRY PLANNING ACT 1990 S106
650 2 4 _aTHAMES WATER UTILITIES V OXFORD CITY COUNCIL AND OXFORD UNITED FC
650 2 4 _aHIGHWAYS ACT 1980
651 4 _aUnited Kingdom
_y
690 _aENVIRONMENTAL AND LAND CONSULTANCY-PLANNING AND DEVELOPMENT
942 _n0
999 _c79724
_d79724